| 000 | 00322nam a22001217a 4500 | ||
|---|---|---|---|
| 082 |
_a344.0095491 _bQUR |
||
| 100 | _aQureshi, Waseem Ahmad | ||
| 245 |
_aManual of Labour Laws / _cWaseem Ahmad Qureshi |
||
| 260 |
_aRawalpindi : _bInsaf Law House, _c2015. |
||
| 300 |
_a1141 p. ; _c25 CM. |
||
| 563 | _aHB. | ||
| 942 |
_2ddc _cBK |
||
| 999 |
_c615994 _d615994 |
||